Costa Rica en la encrucijada: globalización, identidad y democracia /
La globalización es vista en esta obra como un complejo proceso histórico, económico, tecnológico social y cultural. El libro esta dividido en dos secciones: en una primera parte se abordan algunas implicaciones prácticas y nacionales de la globalización. La segunda parte es más concreta y focalizad...
Na minha lista:
| Autor principal: | |
|---|---|
| Formato: | Desconhecido |
| Idioma: | Spanish |
| Publicado em: |
San José, Costa Rica :
Editorial Juricentro,
2010
|
| Assuntos: | |
| Tags: |
Adicionar Tag
Sem tags, seja o primeiro a adicionar uma tag!
|
MARC
| LEADER | 00000 a2200000 04500 | ||
|---|---|---|---|
| 001 | 44541 | ||
| 003 | cru CIDCACS/IIS | ||
| 005 | 20230613135641.0 | ||
| 008 | 050702s2010 cr spa d | ||
| 020 | |a 978-9977-31-179-1 | ||
| 040 | |c cru IIS |d cru IIS | ||
| 090 | |a 01.02.01 C413c | ||
| 100 | |a Cerdas, Rodolfo | ||
| 245 | |a Costa Rica en la encrucijada: |b globalización, identidad y democracia / |c Rodolfo Cerdas | ||
| 260 | |a San José, Costa Rica : |b Editorial Juricentro, |c 2010 | ||
| 300 | |a 343 páginas : |b tablas, gráficos | ||
| 520 | |a La globalización es vista en esta obra como un complejo proceso histórico, económico, tecnológico social y cultural. El libro esta dividido en dos secciones: en una primera parte se abordan algunas implicaciones prácticas y nacionales de la globalización. La segunda parte es más concreta y focalizada en los efectos de la globalización en la política en la política, la democracia y el Estado de Derecho en Costa Rica y el istmo. | ||
| 590 | |a DISEMINAR022013 | ||
| 650 | |a DEMOCRACIA | ||
| 650 | |a POLITICA | ||
| 650 | |a NEOLIBERALISMO | ||
| 650 | |a GLOBALIZACION | ||
| 650 | |a IDENTIDAD NACIONAL | ||
| 650 | |a CAPITALISMO | ||
| 650 | |a PARTIDOS POLITICOS | ||
| 650 | |a CENTROAMERICA | ||
| 650 | |a COSTA RICA | ||
| 942 | |2 ddc |c LI | ||
| 999 | |c 15962 |d 15962 | ||



